| 000 | 00788cam a2200205 i 4500 | ||
|---|---|---|---|
| 005 | 20260128084132.0 | ||
| 008 | 250721s2022 ua gr 000 0 ara d | ||
| 020 | _a9789778578010 | ||
| 082 | 1 | 4 |
_a363.1 _bع ي د |
| 100 | 1 |
_aعيد، معتصم محمد محمد _eمؤلف. |
|
| 245 | 1 | 0 |
_aاستراتيجية وقاية المنشات الحيوية من أخطار الحرائق : _bدراسه مقارنه / _cدكتور معتصم محمد محمد عيد. |
| 250 | _aالطبعة الاولى. | ||
| 264 | 3 | 1 |
_aالقاهرة : _bدار وليد للنشر و التوزيع، _c2022. |
| 300 | _a348 صفحة. | ||
| 650 | 1 | 7 | _aالسلامة. |
| 650 | 1 | 7 | _aالحرائق. |
| 650 | 1 | 7 | _aمنع الحوادث. |
| 942 |
_2ddc _cBK |
||
| 999 |
_c143115 _d143115 |
||